| 000 | 00627am a2200265a 44500 | ||
|---|---|---|---|
| 003 | AR-BaBNM | ||
| 005 | 20251128205917.0 | ||
| 008 | 068019s1983 #AR|||||||||||000 | spa|| | ||
| 040 | _cAR-BaBNM | ||
| 100 | 1 | _aPittaluga, José S. | |
| 245 | 1 | 0 | _aLa Segunda República |
| 260 |
_aBuenos Aires _bDepalma _c1983 |
||
| 300 | _a115 p. | ||
| 650 | 4 | _aTEORIA POLITICA | |
| 650 | 4 | _aTEORIA POLITICA | |
| 650 | 4 | _aCIENCIAS POLITICAS | |
| 650 | 4 | _aHISTORIA POLITICA | |
| 650 | 4 | _aESTADO | |
| 650 | 4 | _aCONSTITUCIONES | |
| 650 | 4 | _aDEMOCRACIA | |
| 650 | 4 | _aNACION | |
| 650 | 4 | _aESTADO | |
| 942 | _cBK | ||
| 998 | _cMariana | ||
| 999 |
_c13260 _d13260 |
||